000 00689cam a22002413a 4500
001 37041
003 PGUSA
005 20140828083819.0
008 110811s2011||||xxu|||||s|||||000 | eng d
040 _aPGUSA
_beng
042 _adc
050 4 _aSF
100 1 _aFriedman, M. E.
245 1 0 _aPreservation of Bull Semen at Sub-Zero Temperatures
_h[electronic resource] /
_cM. E. Friedman
260 _bProject Gutenberg,
_c2011
506 _aPublic domain in the USA.
516 _aElectronic text
653 _aFrozen semen
653 _aCattle -- Artificial insemination
830 0 _aProject Gutenberg
_v37041
856 4 0 _uhttp://www.gutenberg.org/ebooks/37041
942 _cEB
999 _c266296
_d266296